[Event "Dieren op"]
[Site "Dieren"]
[Date "2012.08.01"]
[Round "8"]
[White "Efroimski, Marsel"]
[Black "Van Mierlo, Guido"]
[Result "1-0"]
[WhiteElo "2187"]
[BlackElo "2089"]
[PlyCount "113"]
[EventDate "2012.07.24"]
[EventType "swiss"]
[EventRounds "9"]
[EventCountry "NED"]
[SourceTitle "CBM 149 Extra"]
[Source "ChessBase"]
[SourceDate "2012.08.24"]
[SourceVersion "1"]
[SourceVersionDate "2012.08.24"]
[SourceQuality "1"]

1. e4 e5 2. Nf3 Nc6 3. Bb5 Nf6 4. Nc3 d6 5. d4 Bd7 6. 0-0 Nxd4 7. Bxd7+ Qxd7 8. Nxd4 exd4 9. Qxd4 Be7 10. b3 0-0 11. Bb2 c5 12. Qd3 Rfe8 13. Rad1 Qc6 14. Nd5 Nxd5 15. Qxd5 Qxd5 16. Rxd5 Red8 17. Rfd1 f6 18. c4 Rab8 19. f4 Kf7 20. Kf2 a6 21. Ke3 b5 22. Rc1 Ra8 23. Kd3 Ra7 24. Bc3 b4 25. Be1 a5 26. a4 bxa3 27. Ra1 Ra6 28. Rxa3 Rda8 29. Ra4 Ke6 30. Kc2 Bd8 31. Bc3 Bc7 32. g4 g6 33. h4 Rf8 34. Ra1 Rfa8 35. g5 a4 36. bxa4 Rxa4 37. Rxa4 Rxa4 38. Kb3 Ra8 39. Bxf6 Rb8+ 40. Kc2 Rb4 41. f5+ gxf5 42. exf5+ Kf7 43. Kc3 Rb1 44. Rd2 Ba5+ 45. Kc2 Bxd2 46. Kxb1 Be1 47. h5 h6 48. Bd8 Bc3 49. g6+ Ke8 50. f6 Be5 51. f7+ Kf8 52. Kc2 d5 53. cxd5 c4 54. Bb6 Bd6 55. Kc3 Ke7 56. Kxc4 Kf6 57. Bd4+ 1-0

[Event "Dieren op"]
[Site "Dieren"]
[Date "2012.07.26"]
[Round "3"]
[White "Zwirs, Nico"]
[Black "Van Mierlo, Guido"]
[Result "1/2-1/2"]
[WhiteElo "2173"]
[BlackElo "2089"]
[PlyCount "83"]
[EventDate "2012.07.24"]
[EventType "swiss"]
[EventRounds "9"]
[EventCountry "NED"]
[SourceTitle "CBM 149 Extra"]
[Source "ChessBase"]
[SourceDate "2012.08.24"]
[SourceVersion "1"]
[SourceVersionDate "2012.08.24"]
[SourceQuality "1"]

1. d4 Nf6 2. c4 g6 3. Nc3 Bg7 4. e4 d6 5. Nf3 0-0 6. Be2 c6 7. 0-0 Bg4 8. Be3 Nbd7 9. h3 Bxf3 10. Bxf3 e5 11. d5 c5 12. g3 Ne8 13. Bg2 f5 14. exf5 gxf5 15. f4 exf4 16. gxf4 Ndf6 17. Qd3 Qd7 18. Bf3 Nc7 19. Bf2 Rab8 20. Rae1 Rbe8 21. Kh2 Rxe1 22. Rxe1 Re8 23. Rg1 Rf8 24. Rg5 Nfe8 25. b3 Kh8 26. Ne2 b5 27. Be1 b4 28. Bd2 Bh6 29. Rh5 Rf6 30. Bc1 Ng7 31. Rh4 Nce8 32. Bb2 Qe7 33. Ng3 Kg8 34. Qe2 Qd8 35. Bh5 Nxh5 36. Rxh5 Ng7 37. Bxf6 Qxf6 38. Rxh6 Qxh6 39. Qe3 Qf6 40. Kg2 Kf7 41. Kf3 Qh4 42. Kg2 1/2-1/2

[Event "Dieren op"]
[Site "Dieren"]
[Date "2012.07.25"]
[Round "2"]
[White "Van Mierlo, Guido"]
[Black "Maris, Ivo"]
[Result "1/2-1/2"]
[WhiteElo "2089"]
[BlackElo "2044"]
[PlyCount "49"]
[EventDate "2012.07.24"]
[EventType "swiss"]
[EventRounds "9"]
[EventCountry "NED"]
[SourceTitle "CBM 149 Extra"]
[Source "ChessBase"]
[SourceDate "2012.08.24"]
[SourceVersion "1"]
[SourceVersionDate "2012.08.24"]
[SourceQuality "1"]

1. e4 e6 2. e5 c5 3. Nf3 Nc6 4. c3 d5 5. exd6 Bxd6 6. d4 cxd4 7. cxd4 Nf6 8. Be2 0-0 9. 0-0 e5 10. dxe5 Nxe5 11. Nxe5 Bxe5 12. Qxd8 Rxd8 13. Nc3 Bg4 14. Bxg4 Nxg4 15. h3 Nf6 16. Bg5 h6 17. Bxf6 Bxf6 18. Rad1 Kf8 19. Rxd8+ Rxd8 20. Rd1 Rxd1+ 21. Nxd1 Ke7 22. Kf1 Kd6 23. Ke2 Kc5 24. Kd3 g6 25. Nc3 1/2-1/2

[Event "Dieren op"]
[Site "Dieren"]
[Date "2011.07.26"]
[Round "7"]
[White "Van Mierlo, Guido"]
[Black "Offringa, Joost"]
[Result "0-1"]
[WhiteElo "2097"]
[BlackElo "2085"]
[PlyCount "110"]
[EventDate "2011.07.19"]
[EventType "swiss"]
[EventRounds "9"]
[EventCountry "NED"]
[SourceTitle "CBM 143 Extra"]
[Source "ChessBase"]
[SourceDate "2011.08.29"]
[SourceVersion "1"]
[SourceVersionDate "2011.08.29"]
[SourceQuality "1"]

1. e4 e5 2. Bc4 Nf6 3. Nf3 Nc6 4. d3 Bc5 5. 0-0 d6 6. c3 Bg4 7. Nbd2 Qd7 8. Re1 0-0 9. Bb3 Ne7 10. Nf1 Ng6 11. h3 Be6 12. Bc2 d5 13. exd5 Qxd5 14. b4 Be7 15. d4 Qc6 16. Nxe5 Qxc3 17. Nxg6 hxg6 18. Bg5 Bxb4 19. Re3 Qc6 20. Bxf6 gxf6 21. Rb1 Ba5 22. Ng3 f5 23. Nxf5 Bxf5 24. Bxf5 Bb6 25. Rg3 Qf6 26. Be4 c6 27. Qb3 Kg7 28. Rd1 Rad8 29. Rf3 Qe6 30. Qxe6 fxe6 31. Rb3 Rf4 32. f3 Rf7 33. Rbd3 Rfd7 34. Kf1 g5 35. Ke2 Kf6 36. Rf1 Rxd4 37. Rxd4 Rxd4 38. Bc2 Ba5 39. Rd1 Rxd1 40. Bxd1 Ke5 41. g3 Kd4 42. Bb3 e5 43. h4 gxh4 44. gxh4 Bd8 45. h5 Bg5 46. Be6 c5 47. Kd1 Kc3 48. a4 b6 49. Bc8 Kb3 50. Bd7 c4 51. Be6 a6 52. Bc8 c3 53. Be6+ Kb2 54. Bf5 b5 55. Bc2 b4 0-1

[Event "Dieren op"]
[Site "Dieren"]
[Date "2010.08.03"]
[Round "7"]
[White "Goudriaan, Etienne"]
[Black "Van Mierlo, Guido"]
[Result "1-0"]
[WhiteElo "2223"]
[BlackElo "2053"]
[PlyCount "91"]
[EventDate "2010.07.27"]
[EventType "swiss"]
[EventRounds "9"]
[EventCountry "NED"]
[SourceTitle "CBM 137 Extra"]
[Source "ChessBase"]
[SourceDate "2010.09.01"]
[SourceVersion "1"]
[SourceVersionDate "2010.09.01"]
[SourceQuality "1"]

1. e4 e5 2. Nf3 Nc6 3. Bb5 a6 4. Ba4 Nf6 5. 0-0 b5 6. Bb3 Be7 7. Re1 d6 8. c3 0-0 9. h3 Nb8 10. d4 Nbd7 11. Nbd2 Bb7 12. Bc2 Re8 13. Nf1 Bf8 14. Ng3 g6 15. b3 Bg7 16. d5 Bf8 17. Be3 c6 18. c4 Rc8 19. a4 Qc7 20. Rc1 Qb8 21. Qd2 cxd5 22. cxd5 bxa4 23. bxa4 Nc5 24. Nh4 Be7 25. Bg5 Kh8 26. a5 Ng8 27. Nf3 f6 28. Be3 Bd8 29. h4 Rf8 30. h5 Qc7 31. Qe2 Qd7 32. hxg6 hxg6 33. Nh4 Qh7 34. Qg4 Ne7 35. Rf1 Rc7 36. f4 exf4 37. Qxf4 g5 38. Qxd6 Qxh4 39. Rxf6 Rxf6 40. Qxd8+ Ng8 41. Qxc7 Nd7 42. Bd4 Bxd5 43. Bxf6+ Ndxf6 44. Nf5 Ne8 45. Qe5+ Nef6 46. Nxh4 1-0

[Event "Dieren op"]
[Site "Dieren"]
[Date "2010.08.02"]
[Round "6"]
[White "Van Mierlo, Guido"]
[Black "Swinkels, Robin"]
[Result "0-1"]
[WhiteElo "2053"]
[BlackElo "2483"]
[PlyCount "102"]
[EventDate "2010.07.27"]
[EventType "swiss"]
[EventRounds "9"]
[EventCountry "NED"]
[SourceTitle "CBM 137 Extra"]
[Source "ChessBase"]
[SourceDate "2010.09.01"]
[SourceVersion "1"]
[SourceVersionDate "2010.09.01"]
[SourceQuality "1"]

1. e4 c5 2. c3 Nf6 3. e5 Nd5 4. Nf3 e6 5. d4 cxd4 6. cxd4 d6 7. Bc4 Nc6 8. Qe2 Be7 9. Nc3 Nxc3 10. bxc3 d5 11. Bd3 Na5 12. 0-0 Bd7 13. Be3 Rc8 14. Rfc1 h6 15. Nd2 Ba3 16. Rc2 Ba4 17. Bb5+ Bxb5 18. Qxb5+ Rc6 19. Nb3 Nc4 20. Qxb7 Qd7 21. Qxd7+ Kxd7 22. Bc1 Be7 23. Kf1 Rhc8 24. Ke2 Nb6 25. Kd3 Na4 26. Bd2 Bd8 27. g3 h5 28. Rg1 Be7 29. f4 g6 30. h3 Ba3 31. g4 hxg4 32. hxg4 Rh8 33. Rg3 Rh2 34. f5 Nb2+ 35. Ke3 Nd1+ 36. Kf4 Nf2 37. fxe6+ Kxe6 38. Rf3 Ne4 39. Ke3 Rc4 40. Na5 Nxd2 41. Rf6+ Ke7 42. Kd3 Nb1 43. Nc6+ Ke8 44. Rxh2 Rxc3+ 45. Ke2 Rc2+ 46. Kf3 Rxh2 47. Nxa7 Rxa2 48. Nb5 Nd2+ 49. Ke3 Ne4 50. Nc7+ Kd8 51. Rxf7 Bc1+ 0-1

[Event "Dieren op"]
[Site "Dieren"]
[Date "2010.07.29"]
[Round "3"]
[White "Heemskerk, Wim"]
[Black "Van Mierlo, Guido"]
[Result "1-0"]
[WhiteElo "2249"]
[BlackElo "2053"]
[PlyCount "79"]
[EventDate "2010.07.27"]
[EventType "swiss"]
[EventRounds "9"]
[EventCountry "NED"]
[SourceTitle "CBM 137 Extra"]
[Source "ChessBase"]
[SourceDate "2010.09.01"]
[SourceVersion "1"]
[SourceVersionDate "2010.09.01"]
[SourceQuality "1"]

1. c4 e5 2. g3 Nc6 3. Nc3 g6 4. Bg2 Bg7 5. e4 d6 6. Nge2 Nge7 7. d3 0-0 8. 0-0 f5 9. Be3 h6 10. Qd2 Kh7 11. Rae1 Be6 12. Nd5 Qd7 13. Nxe7 Qxe7 14. exf5 Rxf5 15. b3 Re8 16. d4 Bc8 17. d5 Nd8 18. Nc3 Rff8 19. Ne4 b6 20. b4 Nf7 21. Rc1 Bf5 22. c5 Rc8 23. Rc3 Rfd8 24. Rfc1 dxc5 25. bxc5 Qd7 26. Ra3 Bxe4 27. Bxe4 bxc5 28. Qc2 Kg8 29. Bxg6 Qxd5 30. Be4 Qd6 31. Rxa7 Ng5 32. Bxg5 hxg5 33. Qxc5 Qd2 34. Rxc7 Rxc7 35. Qxc7 Rf8 36. Qc4+ Kh8 37. Rc2 Qa5 38. Qe2 Kg8 39. Bd3 Rd8 40. Bc4+ 1-0